000 01061nam a2200193 a 4500
008 120416s1997 ||||||||||||||||| || u
020 _a0750636211
050 _aTA 330 Bol
100 _aBolton, W
245 1 0 _aEssential mathematics for engineering
260 _aOxford
_bBUTTERWORTH HEINEMANN
_c1997
300 _axiv, 706 p. : ill.
350 _a0.00
650 0 _aENGINEERING MATHEMATICS
995 _aMAIN LIBRARY OPEN ACCESS
_D0.00
_e734586
_FCBU-MAIN LIBRARY (Kitwe)
_H2
_I40.00
_jTA 330 Bol
_M2
_UAVAILABLE
_WApr 25, 2006
_y47935
_ZMain Library Open Access Collection
995 _aANNEX COLLECTION (Main Library)
_D0.00
_e730564
_FCBU-MAIN LIBRARY (Kitwe)
_H4
_I40.00
_jTA 330 Bol
_M4
_UAVAILABLE
_y027505
_ZAnnex Low-Usage Collection
995 _aMAIN LIBRARY OPEN ACCESS
_D0.00
_e730563
_FCBU-MAIN LIBRARY (Kitwe)
_H1
_I40.00
_jTA 330 Bol
_M1
_ULOST
_VMar 7, 2013
_y027507
_ZMain Library Open Access Collection
995 _aMEDICAL LIBRARY OPEN ACCESS
_D0.00
_e730565
_FCBU-MAIN LIBRARY (Kitwe)
_H3
_I40.00
_jTA 330 Bol
_M3
_UAVAILABLE
_y027506
_ZMain Library Open Access Collection
999 _c62809
_d62809